000 00583nam a22001937a 4500
008 240619b mp ||||| |||| 00| 0 mon d
035 _a548290
040 _aHO1084140
_bmon
_cMN-UlNLM
_dMN-UlNLM
_erda
041 _amon
082 _210-t
_a891.4
_bЧ 18
100 _aЧандар К.
245 0 _aУруугаа ургасан мод
264 _aУлаанбаатар
_bУлсын хэвлэлийн газар
_c1958
300 _a88х.
336 _2rdacontent
_atext
_btxt
337 _2rdamedia
_aunmediated
_bn
338 _2rdacarrier
_avolume
_bnc
942 _210-t
_cBK
999 _c1002225
_d1002282